000
00218nam a22000857a 4500
008
161104b xxu||||| |||| 00| 0 eng d
100
_9
1043
_a
Tayal b. b etal
245
_a
Social Science VII
260
_a
New Delhi
_b
Frank
_c
2012
999
_c
3698
_d
3698